|
|
|
|
| LEADER |
00000naa2a2200000 4500 |
| 001 |
154625 |
| 005 |
20240205131658.0 |
| 035 |
|
|
|a (RuTPU)RU\TPU\book\167719
|
| 090 |
|
|
|a 154625
|
| 100 |
|
|
|a 20090302d2008 k y0rusy50 ca
|
| 101 |
0 |
|
|a rus
|
| 102 |
|
|
|a RU
|
| 200 |
1 |
|
|a Налоговые стабилизаторы современной экономической системы
|f Т. А. Грошева, С. А. Дукарт
|
| 320 |
|
|
|a Библиогр.: 3 назв.
|
| 463 |
|
0 |
|0 (RuTPU)RU\TPU\book\161559
|t Экономика России в XXI веке
|o сборник научных трудов V Всероссийской научно-практической конференции "Теоретические проблемы экономической безопасности России в XXI веке", Томск, 2008
|f Томский политехнический университет (ТПУ), Инженерно-экономический факультет, Кафедра экономики; под ред. Г. А. Барышевой
|v С. 22-23
|d 2008
|p 377 с.
|
| 610 |
1 |
|
|a экономические системы
|
| 610 |
1 |
|
|a налоги
|
| 610 |
1 |
|
|a экономическая эффективность
|
| 610 |
1 |
|
|a стабилизаторы
|
| 610 |
1 |
|
|a управляющие параметры
|
| 610 |
1 |
|
|a налогообложение
|
| 610 |
1 |
|
|a подоходное налогообложение
|
| 610 |
1 |
|
|a труды учёных ТПУ
|
| 700 |
|
1 |
|a Грошева
|b Т. А.
|
| 701 |
|
1 |
|a Дукарт
|b С. А.
|c экономист
|c доцент Томского политехнического университета, кандидат исторических наук
|f 1970-
|g Сергей Александрович
|3 (RuTPU)RU\TPU\pers\27131
|4 070
|9 12671
|
| 801 |
|
1 |
|a RU
|b 63413507
|c 20090302
|g PSBO
|
| 801 |
|
2 |
|a RU
|b 63413507
|c 20130206
|g RCR
|
| 942 |
|
|
|c BK
|